Statistics for Top 2 Countries in each category

Click here to take the quiz!

General Stats

  • This quiz has been taken 60 times
  • The average score is 10 of 15

Answer Stats

HintAnswer% Correct
Northernmost pointDenmark | Canada
100%
Most German speakersGermany | Austria
94%
Longest railway systemUnited States | China
94%
Highest average elevationNepal | Tajikistan
93%
Most African elephantsBotswana | Tanzania
83%
Most Olympic cycling medalsFrance | Italy
81%
Highest percent forest areaRussia | Brazil
74%
Smallest capital city populationPalau | Vatican City
70%
Most recent admission into the UNSouth Sudan | Montenegro
61%
Most official languagesSouth Africa | India
57%
Most motor vehicles per capitaSan Marino | Monaco
56%
Most bird speciesColombia | Peru
35%
Most airports per capitaIceland | Marshall Islands
24%
Highest average temperatureBurkina Faso | Mali
22%
Shortest average heightIndonesia | Bolivia
20%

Score Distribution

Percentile by Number Answered

Percent of People with Each Score

Your Score History

You have not taken this quiz